| 000 | 00945nam a2200313 a 4500 | ||
|---|---|---|---|
| 003 | AR-BaBNM | ||
| 005 | 20251128204025.0 | ||
| 008 | 082120s2002 ||||||||||||||000 | spa|| | ||
| 020 | _a950-034-018 | ||
| 040 | _cAR-BaBNM | ||
| 100 | 1 | _aRaffo, Marcela Viviana | |
| 245 | 0 | 0 |
_aProcedimiento tributario _bley 11683 decreto reglamentario y sus modificaciones leyes 22.826-23.013-23.495 y reglamento de procedimiento del Tribunal Fiscal de la Nación acordada 3/10/79 |
| 250 | _a2ª ed. | ||
| 260 |
_aBuenos Aires _bA-Z editora _c1987 |
||
| 300 | _a107 p. | ||
| 490 | 0 |
_aDigestos A.Z. _vv. 9 |
|
| 650 | 4 | _aLEGISLACION | |
| 650 | 4 | _aDERECHO CIVIL | |
| 650 | 4 | _aPROCEDIMIENTO CIVIL | |
| 650 | 4 | _aPROCEDIMIENTO JUDICIAL | |
| 650 | 4 | _aRECURSOS | |
| 650 | 4 | _aJUICIOS | |
| 650 | 4 | _aCORTE SUPREMA | |
| 650 | 4 | _aTRIBUTACION | |
| 651 | 4 | _aArgentina | |
| 700 | 1 |
_aMordeglia, Roberto Mario _esupervisión |
|
| 942 | _cBK | ||
| 998 | _cCarmen | ||
| 999 |
_c5840 _d5840 |
||